00325nam a2200109Ia 4500008004100000082001600041100001000057245003200067942000600099952009700105999001300202240331s9999 xx 000 0 und d a300.72bRES aICSSR 0aReseach abstracts quarterly cL 001040708LaWERCLbWERCLcSSCd2024-03-31l0o 300.72 RESp304r2024-03-31w2024-03-31yL c994d994